000 00317nam a22001457a 4500
008 211019b ||||| |||| 00| 0 eng d
020 _a1555550630
041 _aeng
080 _a579
082 _a579
100 _a11
101 _aBIO
245 _aBiology The Kingdoms of Life
_cBledsoe,L.J
942 _2udc
_cBK
999 _c58271
_d58271